000 00302nam a22001337a 4500
008 170920b xxu||||| |||| 00| 0 eng d
020 _a9780231124799
041 _aeng
080 _22ND
_a7
100 _a45
101 _aART
245 _aTHE FINE ART OF COPYEDITING
_cSTAINTON,E.M
942 _2udc
_cBK
999 _c28495
_d28495